|
|
|
|
| LEADER |
01230nam a2200229 i 4500 |
| 003 |
GR-PaULI |
| 005 |
20230925100854.0 |
| 007 |
ta |
| 008 |
210831s1957 gr g z000 0 gre d |
| 952 |
|
|
|0 0
|1 0
|2 ddc
|4 0
|6 889_132000000000000_ΚΑΖ
|7 1
|9 327892
|a LISP
|b LISP
|c ADM
|d 2021-08-31
|e ΨΥΧ
|i 252972
|l 0
|o 889.132 ΚΑΖ
|p 025000286230
|r 2021-08-31 00:00:00
|t 1
|w 2021-08-31
|y BKN
|
| 999 |
|
|
|c 183804
|d 183804
|
| 040 |
|
|
|a GR-PaULI
|b gre
|c GR-PaULI
|e AACR2
|
| 082 |
0 |
4 |
|a 889.132
|2 23
|
| 100 |
1 |
|
|9 6798
|a Καζαντζάκης, Νίκος
|d 1883-1957
|e συγγραφέας.
|
| 245 |
1 |
0 |
|a Οδύσσεια /
|c Νίκου Καζαντζάκη.
|
| 250 |
|
|
|a 2η έκδ.
|
| 260 |
|
|
|a Αθήνα :
|b [χ.ό.],
|c 1957.
|
| 300 |
|
|
|a 839 σ. ;
|c 22 εκ.
|
| 500 |
|
|
|a Η "Οδύσσεια" του Ν. Καζαντζάκη σε δεύτερη και οριστική έκδοση με φιλολογική και τυπογραφική επιμέλεια του Ε.Χ. Κάσδαγλη τυπώθηκε στο τυπογραφείο Γ. Σ. Χρήστου (Οκτώβρης 1955 - Νοέμβρης 1957).
|
| 700 |
1 |
|
|a Κάσδαγλης, Εμμανουήλ Χ.,
|d 1924-1998
|e επιμελητής.
|9 31105
|
| 942 |
|
|
|2 ddc
|c BKN
|
| 998 |
|
|
|c Σαλαμούρα
|d 2021-08
|